Eurovision Song Contest 2025 - Semi-Final 1 Results - Statistics

General Stats
  • This quiz has been taken 87 times
  • The average score is 13 of 15
Answer Stats
Answer % Correct
Ukraine
92%
Sweden
89%
Albania
87%
Norway
87%
Portugal
87%
Belgium
86%
Cyprus
86%
Estonia
86%
Iceland
86%
Netherlands
86%
Poland
86%
Croatia
84%
San Marino
84%
Azerbaijan
83%
Slovenia
78%
No matching quizzes found
Score Distribution
Percent of People with Each Score
Percentile by Number Answered
Your Score History
You have not taken this quiz